书目信息 |
| 题名: |
孙过庭书谱
|
|
| 作者: | 孙过庭 书 | |
| 分册: | ||
| 出版信息: | 北京 中国书店 2001.01 |
|
| 页数: | 1册 | |
| 开本: | 35cm | |
| 丛书名: | 晋唐名帖 | |
| 单 册: | ||
| 中图分类: | J292.24 | |
| 科图分类: | ||
| 主题词: | 草书--法书--中国--唐代 , CT--S006400--草书 , CT--S019188--法书 | |
| 电子资源: | ||
| ISBN: | 7-80663-019-8 | |
| 000 | 00855oam2 2200277 45 | |
| 001 | 012001037167 | |
| 005 | 20070928083702.96 | |
| 010 | @a7-80663-019-8@dCNY10.00 | |
| 100 | @a20010522d2001 em y0chiy0110 ea | |
| 101 | 0 | @achi |
| 102 | @aCN@b110000 | |
| 105 | @ay z 000yy | |
| 200 | 1 | @a孙过庭书谱@ASun Guo Ting Shu Pu@f[(唐)孙过庭书]@F[( Tang ) Sun Guo Ting Shu ] |
| 210 | @a北京@c中国书店@d2001.01 | |
| 215 | @a1册@d35cm | |
| 225 | 2 | @a晋唐名帖 |
| 330 | @a《书谱》,纸本墨迹,唐孙过庭撰并书,是中国书法史上书文并茂的杰作,内容述正、草二体书法,论书精辟。 | |
| 410 | 0 | @12001@a晋唐名帖 |
| 606 | 0 | @a草书@x法书@y中国@z唐代 |
| 606 | 0 | @2CT@3S006400@a草书 |
| 606 | 0 | @2CT@3S019188@a法书 |
| 690 | @aJ292.24@v4 | |
| 701 | 0 | @a孙过庭@ASun Guo Ting@4书 |
| 801 | 0 | @aCN@bNLC@c20070928 |
| 905 | @aBZT@dJ292.24@e11 | |
| 906 | @dCNY10.00@n0@r1 | |
| 孙过庭书谱/[(唐)孙过庭书].-北京:中国书店,2001.01 |
| 1册;35cm.-(晋唐名帖) |
| ISBN 7-80663-019-8:CNY10.00 |
| 《书谱》,纸本墨迹,唐孙过庭撰并书,是中国书法史上书文并茂的杰作,内容述正、草二体书法,论书精辟。 |
| ● |
| 相关链接 |
|
|
|
正题名:孙过庭书谱
索取号:J292.24/11
 
预约/预借
| 序号 | 登录号 | 条形码 | 馆藏地/架位号 | 状态 | 备注 |
| 1 | 587455 | 230156758 | 中心书库中库/ 中库018架B面2列5层47/ [索取号:J292.24/11] | 在馆 | |
| 2 | 587456 | 230156762 | 中心书库中库/ 中库018架B面2列5层24/ [索取号:J292.24/11] | 在馆 | |
| 3 | 587457 | 230156761 | 中心书库中库/ 中库018架B面2列5层6/ [索取号:J292.24/11] | 在馆 | |
| 4 | 587458 | 230156760 | 中心书库中库/ 中库018架B面2列5层26/ [索取号:J292.24/11] | 在馆 | |
| 5 | 587459 | 230156759 | 中心书库中库/ 中库018架A面6列4层52/ [索取号:J292.24/11] | 在馆 |